000 00631nam a2200229Ia 4500
008 200601s9999 xx 000 0 und d
020 _a81-7992-140-9
050 _aREF HD 30.28
050 _b.A45 2004 v.8
100 _aAlkhafaji, Abbass F.
245 4 _aThe Art of strategic management :
245 0 _bformulation, implementation, and control in a dynamic environment /
245 0 _cAbbass F. Alkhafaji.
260 _aMumbai :
260 _bJaico Publishing House.
260 _c2004
300 _a348 pages :
300 _billustrations ;
300 _c25 cm.
440 _v8
650 _aStrategic planning.
999 _c363329
_d363329